Регионална библиотека "Любен Каравелов" - Русе

La pratique de la photographie (Запис номер 41925)

MARC детайли
000 -Лидер
Контролно поле с фиксирана дължина 00785nam a2200277 c 4500
003 - Код на организацията, давaща контролен номер
Контролно поле BLK
005 - Дата и час на последна редакция
Контролно поле 20200430093242.0
008 - Елементи от данни с фиксирана дължина
fixed length control field 180408b bul|||||r ||||||| ||bul||
010 ## - Наследен системен номер
LC control number KNG00045528000
020 ## - Международен стандартен номер на книга ISBN
Международен стандартен номер на книга ISBN 2-03-512312-7
040 ## - Източник на каталожния запис
Идентификатор на билиотеката - собственик на записа BLK
041 ## - Код за език
Код за езика на текст/звукозапис или на отделно заглавие Френски
Код за езика КДБФ Френски
080 ## - УДК
Текстов определител УДК Фотография. Кинематография
УДК код - определител по УДК 77
УДК определител (035)
УДК - код + определител 77(035)
100 1# - Редна дума - Автор
Автор Hedgecoe, John
Авторска отговорност първи автор
R(LIN) 12626
139 ## - Редно поле
Редна дума Hedgecoe, John
Авторски знак Хед - Х 38
Filing suffix H 46 J
Feature heading Х 38 Д
245 10 - Сведения за заглавието
Заглавие La pratique de la photographie
Редно поле (дума) John Hedgecoe.
257 ## - Страна на издаване
Страна на създаване/издаване Великобритания
260 ## - Област на издателските данни
Име на издателя, разпространителя и проч. Larousse
Година на издаване 1992
300 ## - Физическа характеристика
Страници 352 с
Илюстрации и др. с ил.
Размери/Мащаб 24 см
380 ## - Жанр
Жанр Изкуство
852 ## - Местоположение
Форматна сигнатура Цб 203503
856 4# - Електронен адрес и достъп
Електронен формат pdf - файл
856 4# - Електронен адрес и достъп
Електронен формат pdf - файл
999 ## - СИСТЕМНИ КОНТРОЛНИ НОМЕРА
Koha biblionumber 41925
Koha biblioitemnumber 41925
942 ## - АРТИКУЛИ
Вид на библиотечния материал Книги
Скрит в OPAC Не
Koha issues (borrowed), all copies 1
Периодичен библиозапис Да
944 ## - СЪЗДАВАНЕ И РЕДАКЦИЯ на ЗАПИСА
Създаване/Редакция Създаване
Дата на регистрацията/редакция 01.01.1999
Служител, извършил регистрацията/редакцията AB_DOS
944 ## - СЪЗДАВАНЕ И РЕДАКЦИЯ на ЗАПИСА
Създаване/Редакция Редакция
Дата на регистрацията/редакция 15.01.2003
999 ## - СИСТЕМНИ КОНТРОЛНИ НОМЕРА
Koha biblioitemnumber 41925
Наличности
Код за отписване Код за изгубен артикул Източник на класификационната схема Код за повреда Коз за рестрикции Код за отдаване Артикулен № Име на библиотеката - собственик Име на библиотеката, в която се намира в момента Статус (Текущо местоположение) Дата на вписване в системата Местоположение - отдел Цена в лева Инвентарен номер Систематично азбучна сигнатура Баркод Номер на екземпляра Цена в евро Служебна бележка Служебен тип на артикула
  Не е изгубен Universal Decimal Classification Не е повреден без рестрикции заемане за дома 65636 Регионална библиотека "Любен Каравелов" Русе Регионална библиотека "Любен Каравелов" Русе Отдел Изкуство - подръчен фонд 2001-01-01 Отдел Изкуство - подръчен фонд 0.00 653761 77/Х 38 Д 120000653761 1 0.00 Дата инв: 08.06.2012 Бележки инв: * Книги
Vip Innovations Ltd, Rousse, Bulgaria 2025